| 000 | 00691nam a2200229 i 4500 | ||
|---|---|---|---|
| 001 | 15806 | ||
| 003 | ES-MaACL | ||
| 005 | 20230906151146.0 | ||
| 007 | t| | ||
| 008 | 000508s1998 sp ||||0| spa j | ||
| 020 | _a84-605-8145-4 | ||
| 040 |
_aM-BN _bspa _cM-BN |
||
| 080 | _a821.134.2-14"19" | ||
| 100 | 1 |
_aPeñas Navarro, Javier. _990324 |
|
| 245 | 1 | 3 |
_aEl amanuense _b: (1990-1997) / _cJavier Peñas Navarro. |
| 260 |
_a[Cambrils (Salvador Espriu, 34)] : _bJ. Peñas, _c[1998] |
||
| 300 |
_a98 p. ; _c21 cm. |
||
| 490 | 1 |
_aCasapalma. Serie Poesía ; _v3 |
|
| 830 | 0 |
_aCasapalma. Serie Poesía ; _v3 _9228606 |
|
| 852 |
_aES-MaACL _jL-22959 _bR.126864 |
||
| 999 |
_c15806 _d15806 |
||